[Event "Niska Banja op"]
[Site "Niska Banja"]
[Date "2020.02.15"]
[Round "4"]
[White "Tusu, Nicolae Dan"]
[Black "Vasic, Blagoje"]
[Result "0-1"]
[WhiteElo "1878"]
[BlackElo "1814"]
[PlyCount "92"]
[EventDate "2020.02.13"]
[EventType "swiss"]
[EventRounds "7"]
[EventCountry "SRB"]
[SourceTitle "CBM 195 Extra"]
[Source "ChessBase"]
[SourceDate "2020.05.31"]
[SourceVersion "1"]
[SourceVersionDate "2020.05.31"]
[SourceQuality "1"]

1. e4 e5 2. Nf3 Nc6 3. Bb5 a6 4. Ba4 d6 5. 0-0 Bd7 6. c3 g6 7. d4 Bg7 8. h3 Nge7 9. Re1 0-0 10. Na3 Qc8 11. d5 Nd8 12. Bc2 f5 13. Bg5 Rf7 14. Nh4 f4 15. Nc4 b6 16. Qf3 Nb7 17. b4 Qd8 18. g3 h6 19. Bxe7 Qxe7 20. Nxg6 Qg5 21. Nh4 Bxh3 22. Nf5 Kh8 23. Rad1 Bg4 24. Qg2 Bxd1 25. Rxd1 a5 26. Nd2 fxg3 27. fxg3 axb4 28. Nf3 Qf6 29. cxb4 Rxa2 30. g4 Rd7 31. g5 hxg5 32. Rd3 Nd8 33. Nxg5 Rxc2 34. Qh3+ Kg8 35. Qh7+ Kf8 36. Qh5 Bh6 37. Rg3 Rg7 38. Qxh6 Qxh6 39. Nxh6 Ke8 40. Nf5 Rg8 41. Nh6 Rg6 42. Nf5 Nf7 43. Ne6 Rxg3+ 44. Nxg3 Kd7 45. Nf8+ Kc8 46. Nf5 Ng5 0-1

[Event "SRB-chT3 South"]
[Site "Serbia"]
[Date "2017.10.15"]
[Round "11.6"]
[White "Vasic, Blagoje"]
[Black "Andrejevic, Miodrag"]
[Result "1-0"]
[WhiteElo "1902"]
[BlackElo "1863"]
[PlyCount "29"]
[EventDate "2017.09.03"]
[EventType "team-tourn"]
[EventRounds "11"]
[EventCountry "SRB"]
[SourceTitle "EXT 2022"]
[Source "ChessBase"]
[SourceDate "2021.10.06"]
[SourceVersion "1"]
[SourceVersionDate "2021.10.06"]
[SourceQuality "1"]

1. e4 c5 2. d3 e6 3. Nf3 Nc6 4. g3 Nge7 5. Bg2 d5 6. Nbd2 d4 7. 0-0 Ng6 8. a4 Bd6 9. Nc4 Bc7 10. Bd2 e5 11. Ne1 0-0 12. f4 f5 13. fxe5 Bxe5 14. g4 Bb8 15. gxf5 1-0

[Event "Niska Banja op"]
[Site "Niska Banja"]
[Date "2017.04.02"]
[Round "5"]
[White "Vasic, Blagoje"]
[Black "Blagojevic, Nebojsa"]
[Result "0-1"]
[WhiteElo "1899"]
[BlackElo "2194"]
[PlyCount "106"]
[EventDate "2017.03.30"]
[EventType "swiss"]
[EventRounds "5"]
[EventCountry "SRB"]
[SourceTitle "CBM 177 Extra"]
[Source "ChessBase"]
[SourceDate "2017.04.27"]
[SourceVersion "1"]
[SourceVersionDate "2017.04.27"]
[SourceQuality "1"]

1. d4 d5 2. c4 c6 3. e3 Nf6 4. Nc3 g6 5. Nf3 Bg4 6. cxd5 Bxf3 7. Qxf3 cxd5 8. Bd3 Nc6 9. a3 Bg7 10. 0-0 0-0 11. Bd2 Rc8 12. b4 e5 13. dxe5 Nxe5 14. Qe2 Nc4 15. Bxc4 dxc4 16. Rac1 a6 17. e4 Re8 18. f3 b5 19. Rfd1 Qe7 20. Bg5 Qe6 21. Qd2 Rc7 22. Qd6 Rd7 23. Qxe6 Rxe6 24. Bxf6 Rxd1+ 25. Rxd1 Bxf6 26. Nd5 Bb2 27. Kf2 c3 28. Ne3 Bxa3 29. Nc2 Bb2 30. Rd5 Rb6 31. Ke3 Rb8 32. Rd4 Kf8 33. Kd3 Ke7 34. f4 h6 35. e5 h5 36. g3 Rb6 37. h3 f6 38. Ke4 fxe5 39. fxe5 Rb8 40. Rd6 a5 41. Rxg6 a4 42. Rg7+ Kf8 43. Ra7 Rd8 44. Rc7 Rd2 45. Ne3 Re2 46. Kd3 Rxe3+ 47. Kxe3 a3 48. Kd3 a2 49. Ra7 a1Q 50. Rxa1 Bxa1 51. Kc2 Ke7 52. g4 hxg4 53. hxg4 Ke6 0-1

[Event "Nis Pantelej op 3rd"]
[Site "Nis"]
[Date "2015.08.05"]
[Round "3"]
[White "Vasic, Blagoje"]
[Black "Rancic, Danijela"]
[Result "1-0"]
[WhiteElo "1988"]
[BlackElo "1833"]
[PlyCount "73"]
[EventDate "2015.08.04"]
[EventType "swiss"]
[EventRounds "9"]
[EventCountry "SRB"]
[SourceTitle "EXT 2016"]
[Source "ChessBase"]
[SourceDate "2015.10.08"]
[SourceVersion "1"]
[SourceVersionDate "2015.10.08"]
[SourceQuality "1"]

1. d4 Nc6 2. d5 Ne5 3. f4 Ng6 4. e4 e6 5. c4 d6 6. Nf3 Nf6 7. Nc3 exd5 8. cxd5 Be7 9. Bd3 0-0 10. 0-0 Bg4 11. h3 Bd7 12. Be3 h6 13. Qc2 Re8 14. e5 dxe5 15. fxe5 Bb4 16. e6 Nh8 17. Rad1 fxe6 18. dxe6 Rxe6 19. Bc4 Qe7 20. Ne5 Bd6 21. Nxd7 Nxd7 22. Qe4 Re8 23. Qxe6+ Qxe6 24. Bxe6+ Rxe6 25. Bf2 Nf7 26. Rfe1 Nfe5 27. a3 a5 28. Nb5 Nc5 29. Nxd6 cxd6 30. Bxc5 dxc5 31. Kh1 Kf7 32. Rd5 Kf6 33. Rxc5 Nd3 34. Rxe6+ Kxe6 35. Rxa5 Nxb2 36. Rb5 Nc4 37. Rxb7 1-0

[Event "Nis Pantelej op 2nd"]
[Site "Nis"]
[Date "2014.08.06"]
[Round "6"]
[White "Bogdanovic, Dragan"]
[Black "Vasic, Blagoje"]
[Result "0-1"]
[WhiteElo "1981"]
[BlackElo "1968"]
[PlyCount "114"]
[EventDate "2014.08.03"]
[EventType "swiss"]
[EventRounds "9"]
[EventCountry "SRB"]
[SourceTitle "CBM 162 Extra"]
[Source "ChessBase"]
[SourceDate "2014.10.17"]
[SourceVersion "1"]
[SourceVersionDate "2014.10.17"]
[SourceQuality "1"]

1. d4 d5 2. c4 e6 3. Nc3 Nf6 4. Bg5 Nbd7 5. e3 Be7 6. Nf3 0-0 7. Bd3 h6 8. Bf4 c6 9. 0-0 Nh5 10. Be5 Nhf6 11. c5 Nxe5 12. Nxe5 Qc7 13. Rc1 Bxc5 14. Nxd5 exd5 15. Rxc5 Nd7 16. Nxd7 Bxd7 17. Bb1 Qd6 18. Rc3 Rfe8 19. Qa4 a5 20. f3 b5 21. Qc2 g6 22. Qf2 Kg7 23. e4 Be6 24. Rc5 f6 25. Rfc1 Rac8 26. Re1 Bf7 27. Qd2 Rcd8 28. exd5 Rxe1+ 29. Qxe1 Bxd5 30. Qc3 Bc4 31. a4 Qxd4+ 32. Qxd4 Rxd4 33. Be4 bxa4 34. Bxc6 Bb3 35. Rxa5 f5 36. Ra6 f4 37. g3 fxg3 38. hxg3 h5 39. Be4 Rd1+ 40. Kf2 Rd2+ 41. Ke3 Rxb2 42. Kd4 g5 43. Kc3 Re2 44. Rg6+ Kf8 45. Rxg5 Bf7 46. Ra5 Be8 47. Ra7 Rg2 48. g4 h4 49. Rh7 Rh2 50. Bd5 h3 51. f4 Bg6 52. Ra7 Rc2+ 53. Kb4 Be8 54. f5 Rd2 55. Be6 Rd4+ 56. Kc5 Rd2 57. Rh7 h2 0-1

[Event "Nis Pantelej op 2nd"]
[Site "Nis"]
[Date "2014.08.06"]
[Round "5"]
[White "Vasic, Blagoje"]
[Black "Krstic, Aca Jovan"]
[Result "1-0"]
[WhiteElo "1968"]
[BlackElo "1811"]
[PlyCount "63"]
[EventDate "2014.08.03"]
[EventType "swiss"]
[EventRounds "9"]
[EventCountry "SRB"]
[SourceTitle "CBM 162 Extra"]
[Source "ChessBase"]
[SourceDate "2014.10.17"]
[SourceVersion "1"]
[SourceVersionDate "2014.10.17"]
[SourceQuality "1"]

1. d4 Nf6 2. c4 g6 3. Nc3 d5 4. Qb3 c6 5. Nf3 dxc4 6. Qxc4 Be6 7. Qd3 Na6 8. Bg5 Bg7 9. e4 0-0 10. Be2 Re8 11. 0-0 Qa5 12. a3 h6 13. b4 Qc7 14. Bh4 Nh5 15. Qe3 Qf4 16. Bxa6 Qxe3 17. fxe3 bxa6 18. Rac1 g5 19. Bf2 a5 20. bxa5 Rab8 21. Rb1 Bc4 22. Rfd1 c5 23. e5 cxd4 24. Rxb8 Rxb8 25. Rxd4 Be6 26. g4 Rb3 27. Ne2 Nf4 28. exf4 Rxf3 29. f5 Ba2 30. Rd7 Bc4 31. Nd4 Bxe5 32. Nxf3 1-0

[Event "SRB-chT2 South"]
[Site "Nis"]
[Date "2013.10.19"]
[Round "4.6"]
[White "Vasic, Blagoje"]
[Black "Stojilkovic, Dane"]
[Result "1/2-1/2"]
[WhiteElo "1905"]
[BlackElo "1963"]
[PlyCount "87"]
[EventDate "2013.10.17"]
[EventType "team-swiss"]
[EventRounds "8"]
[EventCountry "SRB"]
[SourceTitle "EXT 2014"]
[Source "ChessBase"]
[SourceDate "2013.11.20"]
[SourceVersion "1"]
[SourceVersionDate "2013.11.20"]
[SourceQuality "1"]

1. d4 c5 2. d5 d6 3. c4 e5 4. dxe6 Bxe6 5. e4 Nc6 6. Nf3 Nf6 7. Nc3 Be7 8. Be2 h6 9. 0-0 0-0 10. h3 a6 11. Bf4 Qc7 12. Qd2 Ne5 13. b3 Rad8 14. Rad1 Rd7 15. Rfe1 Rfd8 16. Qe3 g5 17. Bxe5 dxe5 18. Nd5 Bxd5 19. exd5 e4 20. Nxg5 hxg5 21. Qxg5+ Kh8 22. Qh6+ Nh7 23. Bg4 Qe5 24. f4 Qf6 25. Qxf6+ Nxf6 26. Bxd7 Rxd7 27. g4 Bd6 28. g5 Nh5 29. Rxe4 Nxf4 30. h4 Kg7 31. Kf2 Rd8 32. Kf3 Ng6 33. Kg4 Rh8 34. h5 Ne5+ 35. Kf5 Nf3 36. h6+ Kh7 37. Rd3 Nd4+ 38. Rdxd4 cxd4 39. Rxd4 Rg8 40. Re4 Rg6 41. Re8 b6 42. Re2 a5 43. Re8 Bb4 44. Re2 1/2-1/2